[Event "NOR-chT 1011"]
[Site "Oslo"]
[Date "2011.01.22"]
[Round "5"]
[White "Stenersen, Gudmund"]
[Black "Briseid, Hakon"]
[Result "1/2-1/2"]
[WhiteElo "2228"]
[BlackElo "2118"]
[PlyCount "134"]
[EventDate "2010.11.05"]
[EventType "team-tourn"]
[EventRounds "9"]
[EventCountry "NOR"]
[SourceTitle "EXT 2012"]
[Source "ChessBase"]
[SourceDate "2011.11.24"]
[SourceVersion "1"]
[SourceVersionDate "2011.11.24"]
[SourceQuality "1"]
[WhiteTeam "SOSS"]
[BlackTeam "Akademisk"]
[WhiteTeamCountry "NOR"]
[BlackTeamCountry "NOR"]

1. e4 e5 2. Nf3 Nc6 3. Bb5 a6 4. Ba4 Nf6 5. d3 b5 6. Bb3 Be7 7. Bd5 Bd6 8. Bg5 h6 9. Bh4 Rb8 10. Nc3 b4 11. Ne2 g5 12. Bg3 Nxd5 13. exd5 Ne7 14. Nxe5 Bb7 15. Nd4 Bxd5 16. Qh5 Bc5 17. Ndf3 d6 18. Ng4 Ng6 19. h4 Bxf3 20. gxf3 Kd7 21. Nxh6 Qe8+ 22. Kd2 gxh4 23. Bxh4 Qe5 24. Qg4+ f5 25. Nxf5 Qf4+ 26. Qxf4 Nxf4 27. Bg3 Ne6 28. Rae1 Rbf8 29. Rxh8 Rxh8 30. Re4 Rh1 31. Rh4 Ra1 32. d4 Bb6 33. d5 Ng5 34. Ke2 a5 35. f4 Ne4 36. Rh7+ Kc8 37. Ne7+ Kb7 38. Kf3 Nd2+ 39. Kg4 Rxa2 40. f5 Ne4 41. Kf4 Nf6 42. Rh6 Bd4 43. Bh4 Nd7 44. Nc6 Bxb2 45. Rh7 Nb6 46. Ke4 Ra1 47. f4 Rd1 48. f6 Bxf6 49. Bxf6 Nxd5 50. Nxa5+ Ka6 51. Bd4 Nxf4 52. Nc6 Ne6 53. Be3 Kb5 54. Na7+ Kc4 55. Re7 Nc5+ 56. Kf3 Na6 57. Ke2 Rd5 58. Bd2 Re5+ 59. Rxe5 dxe5 60. Nc6 e4 61. Ke3 Kc5 62. Ne5 Kd5 63. Ng4 c5 64. Nf6+ Kc4 65. Nxe4 b3 66. Nd6+ Kd5 67. cxb3 Kxd6 1/2-1/2

[Event "NOR-chT 1011"]
[Site "Oslo"]
[Date "2010.11.07"]
[Round "3"]
[White "Lahlum, Hans Olav"]
[Black "Stenersen, Gudmund"]
[Result "0-1"]
[WhiteElo "2221"]
[BlackElo "2228"]
[PlyCount "82"]
[EventDate "2010.11.05"]
[EventType "team-tourn"]
[EventRounds "9"]
[EventCountry "NOR"]
[SourceTitle "EXT 2011"]
[Source "ChessBase"]
[SourceDate "2010.11.26"]
[SourceVersion "1"]
[SourceVersionDate "2010.11.26"]
[SourceQuality "1"]
[WhiteTeam "Porsgrunn"]
[BlackTeam "SOSS"]
[WhiteTeamCountry "NOR"]
[BlackTeamCountry "NOR"]

1. d4 d5 2. c4 c6 3. Nf3 Nf6 4. Nc3 a6 5. e3 Bf5 6. Be2 e6 7. 0-0 Bd6 8. Ne5 Nbd7 9. f4 Ne4 10. Nxe4 Bxe4 11. c5 Bc7 12. b4 0-0 13. Bb2 f6 14. Nxd7 Qxd7 15. Qd2 Qe7 16. a4 e5 17. b5 exf4 18. exf4 axb5 19. axb5 Rae8 20. Rae1 f5 21. Bh5 g6 22. Be2 Rf6 23. Bc3 Re6 24. b6 Bb8 25. Bd1 Qh4 26. g3 Qh3 27. Bc2 g5 28. Bxe4 Rxe4 29. Rxe4 Rxe4 30. fxg5 Bxg3 31. hxg3 Qxg3+ 32. Qg2 Qxc3 33. Rxf5 Qxd4+ 34. Qf2 Rg4+ 35. Kh2 Rh4+ 36. Kg2 Qg4+ 37. Qg3 Qe4+ 38. Qf3 Qc2+ 39. Kf1 Qxc5 40. Qg3 Rh1+ 41. Ke2 Qc2+ 0-1

[Event "NOR-chT Clubs"]
[Site "Drammen"]
[Date "2010.10.09"]
[Round "4"]
[White "Stenersen, Gudmund"]
[Black "Granum, Roger"]
[Result "1-0"]
[WhiteElo "2200"]
[BlackElo "1380"]
[PlyCount "95"]
[EventDate "2010.10.08"]
[EventType "team"]
[EventRounds "6"]
[EventCountry "NOR"]
[SourceTitle "EXT 2015"]
[Source "ChessBase"]
[SourceDate "2014.11.20"]
[SourceVersion "1"]
[SourceVersionDate "2014.11.20"]
[SourceQuality "1"]
[WhiteTeam "SOSS"]
[BlackTeam "Honefoss II"]
[WhiteTeamCountry "NOR"]
[BlackTeamCountry "NOR"]

1. e4 c5 2. Nf3 e6 3. d4 cxd4 4. Nxd4 Nc6 5. Nc3 a6 6. Nxc6 bxc6 7. Bd3 Bc5 8. Qg4 Qf6 9. 0-0 h6 10. Qg3 e5 11. Na4 Ba7 12. Be3 Ne7 13. Nb6 Bxb6 14. Bxb6 Ng6 15. a4 d6 16. a5 0-0 17. Rfd1 Be6 18. Ra3 d5 19. Rc3 Rfc8 20. exd5 Bxd5 21. Bxa6 Rxa6 22. Rxd5 Nf4 23. Rd2 Raa8 24. Qf3 e4 25. Qg4 Re8 26. Bd4 Qg5 27. Qxg5 hxg5 28. g3 Nh3+ 29. Kg2 g4 30. Bb6 Rac8 31. b4 Ng5 32. Rd6 Nf3 33. Rdxc6 Rb8 34. Kf1 Nxh2+ 35. Ke2 Nf3 36. Ke3 Ne5 37. Rc7 Ng6 38. R7c5 f6 39. R3c4 f5 40. Rxf5 Ne5 41. Rxe5 Rxe5 42. Rxe4 Rxb6 43. axb6 Rb5 44. Rxg4 Rxb6 45. Kd3 g6 46. Kc3 Kf7 47. Rg5 Kf6 48. f4 1-0

[Event "NOR-chT Clubs"]
[Site "Drammen"]
[Date "2010.10.09"]
[Round "2.17"]
[White "Stenersen, Gudmund"]
[Black "Haugli, Petter"]
[Result "1-0"]
[WhiteElo "2200"]
[BlackElo "2255"]
[PlyCount "63"]
[EventDate "2010.10.08"]
[EventType "team"]
[EventRounds "6"]
[EventCountry "NOR"]
[SourceTitle "EXT 2015"]
[Source "ChessBase"]
[SourceDate "2014.11.20"]
[SourceVersion "1"]
[SourceVersionDate "2014.11.20"]
[SourceQuality "1"]
[WhiteTeam "SOSS"]
[BlackTeam "Moss"]
[WhiteTeamCountry "NOR"]
[BlackTeamCountry "NOR"]

1. e4 c5 2. Nf3 e6 3. c4 Nc6 4. Nc3 Nf6 5. d4 cxd4 6. Nxd4 Bb4 7. Nc2 Be7 8. Be2 d6 9. 0-0 0-0 10. Be3 b6 11. Rb1 Bb7 12. b4 Rc8 13. f4 Qc7 14. Qd3 Rfd8 15. Rfc1 Qb8 16. Bf3 Qa8 17. Re1 Bf8 18. a3 Ne7 19. Rbc1 d5 20. cxd5 exd5 21. e5 Ne4 22. Nd4 Ng6 23. Bg4 Rc4 24. Ncb5 a6 25. Nc7 Qb8 26. Rxc4 dxc4 27. Qxc4 Ne7 28. Nxa6 Qa8 29. Nc7 Qxa3 30. Nc2 Qb2 31. Bc1 Qc3 32. Rxe4 1-0

[Event "NOR-chT 0910"]
[Site "Norway"]
[Date "2010.01.08"]
[Round "4"]
[White "Stenersen, Gudmund"]
[Black "David, Edwin"]
[Result "1/2-1/2"]
[WhiteElo "2213"]
[BlackElo "2243"]
[PlyCount "140"]
[EventDate "2009.11.06"]
[EventType "team"]
[EventRounds "9"]
[EventCountry "NOR"]
[SourceTitle "EXT 2011"]
[Source "ChessBase"]
[SourceDate "2010.11.26"]
[SourceVersion "1"]
[SourceVersionDate "2010.11.26"]
[SourceQuality "1"]
[WhiteTeam "SOSS"]
[BlackTeam "Kristiansund"]
[WhiteTeamCountry "NOR"]
[BlackTeamCountry "NOR"]

1. e4 e6 2. d4 d5 3. Nc3 Nf6 4. e5 Nfd7 5. f4 c5 6. Nf3 Nc6 7. Be3 Be7 8. Qd2 b6 9. g3 0-0 10. h4 cxd4 11. Nxd4 Nxd4 12. Bxd4 Bb7 13. 0-0-0 Rc8 14. Bh3 Bc5 15. f5 Bxd4 16. Qxd4 Rc4 17. Qd2 Nxe5 18. fxe6 d4 19. Rhe1 f6 20. Kb1 Qe7 21. Ne2 Nf3 22. Qd3 Rb4 23. Qa3 Re8 24. Rf1 Ne5 25. Rxd4 Nc4 26. Rxc4 Rxc4 27. Qxe7 Rxe7 28. Rd1 Rc8 29. Rd6 g6 30. Nd4 Kf8 31. c3 Ke8 32. Bf1 f5 33. Kc2 Kf8 34. Bb5 Rec7 35. Bd7 Rd8 36. Nb5 Ke7 37. Rd4 Rc5 38. Nxa7 Rd5 39. Rxd5 Bxd5 40. Nc8+ Kf6 41. e7 Rxc8 42. Bxc8 Kxe7 43. b3 Kd6 44. Kd3 Ke5 45. Ke3 h6 46. Ba6 g5 47. hxg5 hxg5 48. Bf1 f4+ 49. gxf4+ gxf4+ 50. Kf2 Be4 51. Bc4 Bb1 52. b4 Be4 53. a4 Bc6 54. a5 bxa5 55. bxa5 Kd6 56. Ba6 Kc5 57. Ke1 Bd5 58. Kd2 Be4 59. Bf1 Bc6 60. Kc1 Bd5 61. Kb2 f3 62. Kc2 Bc4 63. Bxc4 Kxc4 64. Kd2 Kb5 65. Ke3 Kxa5 66. Kxf3 Kb5 67. Ke3 Kc4 68. Kd2 Kc5 69. Kd3 Kd5 70. c4+ Kc5 1/2-1/2

[Event "NOR-chT 0910"]
[Site "Norway"]
[Date "2009.11.06"]
[Round "1"]
[White "Solberg, Joachim Krokvik"]
[Black "Stenersen, Gudmund"]
[Result "1/2-1/2"]
[WhiteElo "2220"]
[BlackElo "2213"]
[PlyCount "123"]
[EventDate "2009.11.06"]
[EventType "team"]
[EventRounds "9"]
[EventCountry "NOR"]
[SourceTitle "EXT 2011"]
[Source "ChessBase"]
[SourceDate "2010.11.26"]
[SourceVersion "1"]
[SourceVersionDate "2010.11.26"]
[SourceQuality "1"]
[WhiteTeam "Moss"]
[BlackTeam "SOSS"]
[WhiteTeamCountry "NOR"]
[BlackTeamCountry "NOR"]

1. e4 e5 2. Bc4 Nf6 3. Nc3 Nc6 4. d3 Bc5 5. a3 d6 6. h3 Be6 7. Bxe6 fxe6 8. Na4 0-0 9. Nf3 Qe8 10. Nxc5 dxc5 11. Be3 b6 12. Nd2 Nh5 13. g3 Nd4 14. c3 Nc6 15. Qe2 a5 16. 0-0-0 a4 17. Rhg1 Nf6 18. f4 Nd7 19. Rdf1 Qe7 20. fxe5 Ndxe5 21. d4 cxd4 22. cxd4 Nf7 23. e5 Qd7 24. Qg4 Qd5 25. Rf4 b5 26. Ne4 Qb3 27. Qe2 b4 28. Nd2 Qd5 29. Qc4 Qd7 30. Rgf1 bxa3 31. bxa3 Ne7 32. Ne4 Nd5 33. R4f3 Rab8 34. Nc5 Qc6 35. Bd2 Rb3 36. Rxb3 axb3 37. Qxb3 Nxe5 38. Rxf8+ Kxf8 39. Qc2 Ng6 40. Qe4 Kf7 41. Qf3+ Kg8 42. Qg4 Kf7 43. Qf3+ Kg8 44. a4 Nf8 45. Kb2 Nd7 46. Nxd7 Qxd7 47. a5 Qb5+ 48. Qb3 Qe2 49. Kc2 h6 50. Qb8+ Kh7 51. Qb3 Kg8 52. h4 Kf7 53. Kc1 Qf1+ 54. Kb2 Qf2 55. Qd3 Nb4 56. Qe3 Qg2 57. Kb3 Nd5 58. Qd3 Qg1 59. Bc3 Qh1 60. Bb2 Qe1 61. Bc3 Qh1 62. Bb2 1/2-1/2

[Event "Gjovik op"]
[Site "Gjovik"]
[Date "2009.01.05"]
[Round "7"]
[White "Stenersen, Gudmund"]
[Black "Gandrud, Vegar Koi"]
[Result "1-0"]
[WhiteElo "2189"]
[BlackElo "2037"]
[PlyCount "49"]
[EventDate "2008.12.29"]
[EventType "swiss"]
[EventRounds "9"]
[EventCountry "NOR"]
[SourceTitle "CBM 130 Extra"]
[Source "ChessBase"]
[SourceDate "2009.07.02"]
[SourceVersion "2"]
[SourceVersionDate "2009.07.15"]
[SourceQuality "1"]

1. e4 c5 2. Nf3 d6 3. d4 cxd4 4. Nxd4 Nf6 5. Nc3 a6 6. Be2 e6 7. 0-0 Be7 8. a4 Qc7 9. a5 Nc6 10. Nxc6 bxc6 11. Be3 c5 12. f4 Bb7 13. f5 exf5 14. Rxf5 Qd7 15. Qf1 Nxe4 16. Nxe4 Bxe4 17. Rxf7 Qe6 18. Rxg7 Rf8 19. Bh5+ Kd8 20. Qe2 Qf6 21. Rg3 Qxb2 22. Rc1 Bf6 23. Rd1 Be5 24. Bg5+ Kc7 25. Qxe4 1-0

[Event "Gjovik op"]
[Site "Gjovik"]
[Date "2009.01.01"]
[Round "4"]
[White "Abasov, Nijat Azad"]
[Black "Stenersen, Gudmund"]
[Result "1/2-1/2"]
[WhiteElo "2363"]
[BlackElo "2189"]
[PlyCount "94"]
[EventDate "2008.12.29"]
[EventType "swiss"]
[EventRounds "9"]
[EventCountry "NOR"]
[SourceTitle "CBM 130 Extra"]
[Source "ChessBase"]
[SourceDate "2009.07.02"]
[SourceVersion "2"]
[SourceVersionDate "2009.07.15"]
[SourceQuality "1"]

1. e4 c5 2. Nf3 Nc6 3. d4 cxd4 4. Nxd4 Nf6 5. Nc3 e5 6. Ndb5 d6 7. Bg5 a6 8. Na3 b5 9. Nd5 Be7 10. Bxf6 Bxf6 11. c3 Bg5 12. Nc2 0-0 13. a4 bxa4 14. Rxa4 a5 15. Bc4 Kh8 16. 0-0 f5 17. exf5 Bxf5 18. Bd3 g6 19. Rc4 Be6 20. Be4 Ne7 21. Qd3 Rb8 22. b4 Nxd5 23. Bxd5 Bf5 24. Qe2 Qd7 25. Ra1 Bxc2 26. Qxc2 axb4 27. cxb4 Bd8 28. f3 Bb6+ 29. Kh1 Qg7 30. Ra6 Qh6 31. g3 Qe3 32. Ra1 Bd4 33. Rb1 Rf5 34. Qe4 Qxe4 35. Bxe4 Rf7 36. b5 Ra7 37. Rc6 Rb6 38. Bd5 Kg7 39. Bc4 Rab7 40. Rd1 d5 41. Be2 Rxc6 42. bxc6 Rc7 43. Bb5 Kf6 44. f4 Ke6 45. Kg2 Kd6 46. fxe5+ Bxe5 47. Rc1 Rf7 1/2-1/2

[Event "Gjovik op"]
[Site "Gjovik"]
[Date "2008.12.31"]
[Round "3"]
[White "Stenersen, Gudmund"]
[Black "Haugstad, Espen"]
[Result "1-0"]
[WhiteElo "2189"]
[BlackElo "2091"]
[PlyCount "75"]
[EventDate "2008.12.29"]
[EventType "swiss"]
[EventRounds "9"]
[EventCountry "NOR"]
[SourceTitle "CBM 130 Extra"]
[Source "ChessBase"]
[SourceDate "2009.07.02"]
[SourceVersion "2"]
[SourceVersionDate "2009.07.15"]
[SourceQuality "1"]

1. e4 c5 2. Nf3 e6 3. d4 cxd4 4. Nxd4 a6 5. a3 Nf6 6. Nc3 Qc7 7. Be2 Nc6 8. Be3 b5 9. Nxc6 dxc6 10. f4 Bb7 11. e5 Nd5 12. Nxd5 cxd5 13. Bd4 b4 14. axb4 Bxb4+ 15. c3 Bc5 16. b4 Bxd4 17. Qxd4 0-0 18. Ra5 Rfc8 19. Kd2 Qe7 20. h4 h6 21. Rh3 Rc6 22. Kc2 Rac8 23. Kb3 Qc7 24. h5 Qd8 25. g4 R8c7 26. Ra1 Rc4 27. Bxc4 dxc4+ 28. Ka3 Rd7 29. Qxc4 Rd2 30. Qc5 Rd5 31. Qa7 Qc8 32. Rb1 Kh7 33. g5 hxg5 34. fxg5 Kg8 35. g6 fxg6 36. hxg6 a5 37. Rbh1 axb4+ 38. Kb3 1-0